000 00924nam a2200277 i 4500
003 DO-SdBNP
005 20230516102619.0
007 ta
008 230516b2019 dr c|||| |||| 00| 0 spa d
020 _a9789945916003
040 _aDO-SdBNP
_bspa
_cBNPHU
_erda
082 4 _222
100 _924304
_aAlmonte, Francisco
245 1 0 _aEscritorescontrarios a la primera ocupación norteamericana /
_cFrancisco Almonte
264 _aSanto Domingo :
_bMao Computers,
_c2019.
300 _a139 páginas :
_bretratos ;
_c23 cm.
336 _2rdacontent
_atexto
_btxt
337 _2rdamedia
_asin mediación
_bn
338 _2rdacarrier
_avolumen
_bnc
500 _aIncluye índice onomástico
500 _aIncluye referencias bibliográficas y notas al pie de las páginas
500 _aIncluye datos biográficos del autor en la contracubierta
590 _aInventariado, 2023/BT
910 _aBtavárez
942 _2ddc
_cLBS1
999 _c53527
_d53527